| Tag |
First Indicator |
Second Indicator |
Subfields |
| LEADER |
00000pam a22000004a 4500 |
| 001 |
in00002024928 |
| 005 |
20151031180641.0 |
| 008 |
031009s2004 enka b 001 0 eng |
| 010 |
|
|
|a 2003022238
|
| 020 |
|
|
|a 0632059362 (printed case hardback : alk. paper)
|
| 035 |
|
|
|a (OCoLC)ocm53287951
|
| 040 |
|
|
|a DLC
|c DLC
|d YDX
|d UtOrBLW
|
| 042 |
|
|
|a pcc
|
| 049 |
|
|
|a TXAM
|
| 050 |
0 |
0 |
|a TH7226
|b .U53 2004
|
| 082 |
0 |
0 |
|a 696/.01/5118
|2 22
|
| 100 |
1 |
|
|a Underwood, C. P.
|
| 245 |
1 |
0 |
|a Modelling methods for energy in buildings /
|c C.P. Underwood and F.W.H. Yik.
|
| 264 |
|
1 |
|a Oxford, UK :
|b Blackwell Science ;
|a Malden, MA :
|b Blackwell Pub.,
|c 2004.
|
| 300 |
|
|
|a x, 295 pages :
|b illustrations ;
|c 25 cm.
|
| 336 |
|
|
|a text
|b txt
|2 rdacontent
|
| 337 |
|
|
|a unmediated
|b n
|2 rdamedia
|
| 338 |
|
|
|a volume
|b nc
|2 rdacarrier
|
| 504 |
|
|
|a Includes bibliographical references and index.
|
| 650 |
|
0 |
|a Heating
|x Mathematics.
|
| 650 |
|
0 |
|a Air conditioning
|x Mathematics.
|
| 650 |
|
0 |
|a Ventilation
|x Mathematics.
|
| 650 |
|
0 |
|a Buildings
|x Energy consumption
|x Mathematical models.
|
| 650 |
|
0 |
|a Architecture and energy conservation.
|
| 700 |
1 |
|
|a Yik, F. W. H.
|q (Francis W. H.)
|
| 856 |
4 |
1 |
|3 Table of contents
|u http://www.loc.gov/catdir/toc/ecip049/2003022238.html
|t 0
|
| 945 |
|
|
|i PromptCat
|
| 948 |
|
|
|a cataloged
|b h
|c 2005/2/14
|d c
|e eneff
|f 9:37:33 am
|
| 994 |
|
|
|a 92
|b TXA
|
| 999 |
|
|
|a MARS
|
| 999 |
f |
f |
|s 275bb9f0-8a5f-3391-8896-7805e1ef6b9b
|i 04a87f3b-96dc-3c2b-ae9f-fb6a4110386f
|t 0
|
| 952 |
f |
f |
|p normal
|a Texas A&M University
|b College Station
|c Sterling C. Evans Library
|d Evans: Library Stacks
|t 0
|e TH7226 .U53 2004
|h Library of Congress classification
|i unmediated -- volume
|m A14832507742
|
| 998 |
f |
f |
|a TH7226 .U53 2004
|t 0
|l Evans: Library Stacks
|